Rap singers by song - Statistics

General Stats
  • This quiz has been taken 463 times
  • The average score is 5 of 9
Answer Stats
Hint Answer % Correct
Lose yourself Eminem
95%
Stronger Kanye west
76%
Thriftshop Macklemore
70%
Whistle Flo rida
58%
The motto Drake
52%
Love me Lil Wayne
45%
Public service announcement Jay z
33%
Give me everything Pitbull
33%
Yeah Lil John
11%
No matching quizzes found
Score Distribution
Percent of People with Each Score
Percentile by Number Answered
Your Score History
You have not taken this quiz